[Event "100 Jahre Schvgg Blankenese - Open 2023"]
[Site "Lise-Meitner-Gymnasium (HH)"]
[Date "2023.10.01"]
[Round "3.47"]
[White "Döpmann, Christoph"]
[Black "Genov, Valentin"]
[Result "0-1"]
[WhiteElo "1505"]
[BlackElo "1830"]
[PlyCount "130"]
[EventDate "2023.09.30"]
[EventType "swiss"]
[EventRounds "7"]
[WhiteTeam "Schachfreunde Nordost Berlin"]
[BlackTeam "SK Kirchweyhe 1947"]

1. e4 c5 2. Nf3 d6 3. Bb5+ Bd7 4. Bxd7+ Qxd7 5. b3 Nf6 6. d3 g6 7. Bb2 Bg7 8.
O-O O-O 9. Nbd2 Nc6 10. Rb1 b5 11. e5 dxe5 12. Nxe5 Nxe5 13. Bxe5 Rac8 14. Nf3
Rfd8 15. Qe2 c4 16. dxc4 bxc4 17. Rfd1 Qc6 18. Rxd8+ Rxd8 19. Qxc4 Qxc4 20.
bxc4 Ne4 21. Rb8 Rxb8 22. Bxb8 a5 23. Be5 a4 24. Bxg7 Kxg7 25. a3 Kf6 26. Nd4
Ke5 27. Nb5 Nd2 28. c5 Kd5 29. Nc3+ Kc6 30. Nxa4 Nc4 31. Kf1 Nxa3 32. Ke2 Nxc2
33. Kd3 Ne1+ 34. Kd4 Nxg2 35. Nb6 Nf4 36. Nc8 Ne6+ 37. Ke5 Nxc5 38. Nxe7+ Kd7
39. Kf6 Ke8 40. Nc6 Kf8 41. f3 Nd7+ 42. Kg5 Kg7 43. Nd4 h6+ 44. Kf4 Kf6 45. Ne2
g5+ 46. Ke3 Kg6 47. h3 f5 48. Kf2 Nc5 49. Kg3 Nd3 50. Kg2 h5 51. Kf1 h4 52. Ng1
Nf4 53. Kf2 Kf6 54. Ke3 Ke5 55. Kf2 Kd4 56. Ne2+ Kd3 57. Ng1 Kd2 58. Kf1 Ke3
59. Ke1 Nd3+ 60. Kf1 Ne5 61. Kg2 f4 62. Kf1 Nxf3 63. Ne2 Nd2+ 64. Ke1 f3 65.
Ng3 f2+ 0-1

[Event "100 Jahre Schvgg Blankenese - Open 2023"]
[Site "Lise-Meitner-Gymnasium (HH)"]
[Date "2023.10.01"]
[Round "4.1"]
[White "Bracker, Arne"]
[Black "Feuerstack, Aljoscha"]
[Result "1/2-1/2"]
[WhiteElo "2280"]
[BlackElo "2477"]
[PlyCount "39"]
[EventDate "2023.09.30"]
[EventType "swiss"]
[EventRounds "7"]
[WhiteTeam "Hamburger SK von 1830 eV"]
[BlackTeam "FC ST.Pauli 1910 eV SAbt"]

1. e4 c5 2. Nf3 e6 3. d4 cxd4 4. Nxd4 Nf6 5. Nc3 Nc6 6. Nxc6 bxc6 7. e5 Nd5 8.
Ne4 Qc7 9. f4 Qb6 10. c4 Ne3 11. Qd3 Bb4+ 12. Bd2 Ba6 13. Bxb4 Qxb4+ 14. Kf2
Qxb2+ 15. Be2 Nxc4 16. Rab1 Nxe5 17. fxe5 Qxe5 18. Qxa6 Qxe4 19. Rhd1 O-O 20.
Bf3 1/2-1/2

[Event "100 Jahre Schvgg Blankenese - Open 2023"]
[Site "Lise-Meitner-Gymnasium (HH)"]
[Date "2023.10.01"]
[Round "4.2"]
[White "Ertan, Can"]
[Black "Hovhannisyan, Artur"]
[Result "1-0"]
[WhiteElo "2339"]
[BlackElo "2215"]
[PlyCount "77"]
[EventDate "2023.09.30"]
[EventType "swiss"]
[EventRounds "7"]
[WhiteTeam "FC ST.Pauli 1910 eV SAbt"]
[BlackTeam "SK Norderstedt von 1975"]

1. e4 d5 2. exd5 Nf6 3. d4 Bg4 4. Bb5+ Nbd7 5. Be2 Bxe2 6. Qxe2 Nxd5 7. c4 N5f6
8. Nf3 c6 9. Nc3 Qa5 10. Bd2 e6 11. O-O Qh5 12. d5 O-O-O 13. Rfe1 exd5 14. cxd5
Nxd5 15. Ng5 Qxe2 16. Rxe2 Nxc3 17. Bxc3 f6 18. Nf7 Bc5 19. b4 Bb6 20. Nxh8
Rxh8 21. Re7 Ne5 22. Rxg7 Nd3 23. Rf1 Re8 24. Rg4 f5 25. Rh4 f4 26. Rh3 Rd8 27.
Rf3 Rd5 28. a4 a5 29. bxa5 Ba7 30. g3 h5 31. gxf4 Nc5 32. Ra1 Ne4 33. Be1 Bd4
34. Ra2 c5 35. Re2 Nd6 36. Re6 Kd7 37. Rh6 c4 38. f5 Rxf5 39. Rxd6+ 1-0

[Event "100 Jahre Schvgg Blankenese - Open 2023"]
[Site "Lise-Meitner-Gymnasium (HH)"]
[Date "2023.10.01"]
[Round "4.3"]
[White "Callsen, Niklas"]
[Black "Schulze, Lara"]
[Result "1/2-1/2"]
[WhiteElo "2176"]
[BlackElo "2284"]
[PlyCount "38"]
[EventDate "2023.09.30"]
[EventType "swiss"]
[EventRounds "7"]
[WhiteTeam "SK Doppelbauer Kiel von 1910 e.V"]
[BlackTeam "SAbt SV Werder Bremen"]

1. e4 e5 2. Nf3 Nc6 3. Bb5 a6 4. Ba4 Nf6 5. O-O d6 6. Bxc6+ bxc6 7. Re1 Bg4 8.
h3 Bxf3 9. Qxf3 Nd7 10. d3 Be7 11. Nd2 Bg5 12. Nc4 Bxc1 13. Raxc1 O-O 14. g3 a5
15. h4 a4 16. Kg2 Qe7 17. h5 Qg5 18. Ne3 Rfb8 19. Rb1 Nf6 1/2-1/2

[Event "100 Jahre Schvgg Blankenese - Open 2023"]
[Site "Lise-Meitner-Gymnasium (HH)"]
[Date "2023.10.01"]
[Round "4.4"]
[White "Bracker, Frank"]
[Black "Parvanyan, Alfred"]
[Result "0-1"]
[WhiteElo "2278"]
[BlackElo "2161"]
[PlyCount "78"]
[EventDate "2023.09.30"]
[EventType "swiss"]
[EventRounds "7"]
[WhiteTeam "Hamburger SK von 1830 eV"]
[BlackTeam "SK Norderstedt von 1975"]

1. Nf3 Nf6 2. c4 c5 3. g3 g6 4. Bg2 Bg7 5. O-O O-O 6. d4 d6 7. Nc3 Na6 8. b3
Rb8 9. Bb2 b6 10. Qd2 Bb7 11. Rad1 Qd7 12. d5 Nc7 13. e4 b5 14. cxb5 Nxb5 15.
Rfe1 Nc7 16. h3 Rfd8 17. Qc1 Qe8 18. Nd2 Ba6 19. f4 Nh5 20. Kh2 Bd4 21. e5 Bf2
22. Nde4 Bxe1 23. Rxe1 Qf8 24. g4 f5 25. gxh5 fxe4 26. hxg6 hxg6 27. e6 Bd3 28.
Nxe4 Nxd5 29. Ng3 Nxf4 30. Qc3 Kh7 31. Ne4 Bxe4 32. Bxe4 Qh6 33. Bc1 Qh4 34.
Rf1 Rf8 35. Bb2 Nxe6 36. Bxg6+ Kxg6 37. Qd3+ Kh6 38. Qe3+ Ng5 39. Bc1 e5 0-1

[Event "100 Jahre Schvgg Blankenese - Open 2023"]
[Site "Lise-Meitner-Gymnasium (HH)"]
[Date "2023.10.01"]
[Round "4.5"]
[White "Thomaschke, Dirk"]
[Black "Kotyk, Michael"]
[Result "1/2-1/2"]
[WhiteElo "2161"]
[BlackElo "2225"]
[PlyCount "54"]
[EventDate "2023.09.30"]
[EventType "swiss"]
[EventRounds "7"]
[WhiteTeam "FC ST.Pauli 1910 eV SAbt"]
[BlackTeam "Hamburger SK von 1830 eV"]

1. e4 e5 2. Nf3 Nc6 3. Bb5 a6 4. Ba4 Nf6 5. O-O Be7 6. Re1 b5 7. Bb3 O-O 8. a4
Bb7 9. d3 d6 10. Nbd2 Na5 11. Ba2 Bc8 12. b4 Nc6 13. axb5 Nb8 14. c3 Kh8 15.
bxa6 Rxa6 16. Bb2 Nh5 17. Nxe5 dxe5 18. Qxh5 Rh6 19. Qe2 f5 20. exf5 Rxf5 21.
Qe4 Nc6 22. Nf1 Rhf6 23. f3 Rf4 24. Qe2 Ba6 25. Bc4 Bxc4 26. dxc4 e4 27. fxe4
Ne5 1/2-1/2

[Event "100 Jahre Schvgg Blankenese - Open 2023"]
[Site "Lise-Meitner-Gymnasium (HH)"]
[Date "2023.10.01"]
[Round "4.6"]
[White "König, Friedrich Theodor"]
[Black "Popvasilev, Kaloyan"]
[Result "1/2-1/2"]
[WhiteElo "1990"]
[BlackElo "2221"]
[PlyCount "94"]
[EventDate "2023.09.30"]
[EventType "swiss"]
[EventRounds "7"]
[WhiteTeam "Schachklub Uetersen von 1947 e."]
[BlackTeam "SV Bargteheide"]

1. d4 g6 2. Nf3 Bg7 3. c3 Nf6 4. Bg5 h6 5. Bh4 g5 6. Bg3 d6 7. Nbd2 Bf5 8. h4
g4 9. Ng1 h5 10. f3 d5 11. Bf4 Nbd7 12. e3 c5 13. Ne2 cxd4 14. exd4 gxf3 15.
gxf3 Bh6 16. Bxh6 Rxh6 17. Ng3 Bh7 18. Bh3 Qc7 19. Ndf1 e6 20. Kf2 Rg6 21. Qd2
O-O-O 22. Ne2 Kb8 23. Qf4 e5 24. Qh2 Rdg8 25. Ne3 R6g7 26. Rhg1 e4 27. Qxc7+
Kxc7 28. f4 Kd6 29. Ng3 Ng4+ 30. Bxg4 Rxg4 31. Nxg4 hxg4 32. Ke3 f5 33. h5 Rc8
34. Rac1 b5 35. b3 a5 36. Rh1 a4 37. h6 Ke6 38. Rh5 axb3 39. axb3 b4 40. Kd2
Nf6 41. Rg5 e3+ 42. Kxe3 bxc3 43. Kd3 Ne4 44. Nxe4 fxe4+ 45. Ke3 c2 46. Rxg4
Rc3+ 47. Ke2 Rh3 1/2-1/2

[Event "100 Jahre Schvgg Blankenese - Open 2023"]
[Site "Lise-Meitner-Gymnasium (HH)"]
[Date "2023.10.01"]
[Round "4.7"]
[White "Keyser, Robin"]
[Black "Atri, Jamshid"]
[Result "0-1"]
[WhiteElo "2191"]
[BlackElo "1948"]
[PlyCount "120"]
[EventDate "2023.09.30"]
[EventType "swiss"]
[EventRounds "7"]
[WhiteTeam "SK Johanneum Eppendorf"]
[BlackTeam "Hamburger SK von 1830 eV"]

1. d4 Nf6 2. c4 e6 3. g3 d5 4. Nf3 Be7 5. Bg2 O-O 6. O-O dxc4 7. Qc2 a6 8. a4
Bd7 9. Qxc4 Bc6 10. Bf4 Nbd7 11. Nc3 Nb6 12. Qb3 a5 13. Rfd1 h6 14. Ne5 Bxg2
15. Kxg2 Nfd5 16. Bd2 Nb4 17. e4 c6 18. Be3 Nd7 19. Nxd7 Qxd7 20. d5 cxd5 21.
exd5 Ra6 22. dxe6 Qc6+ 23. Nd5 Qxe6 24. Nxe7+ Qxe7 25. Rac1 Re8 26. Kg1 Rc6 27.
Rxc6 Nxc6 28. Bf4 g5 29. Be3 Ne5 30. Qd5 Nc6 31. Qf5 Qe4 32. Rd5 Qxa4 33. Rd6
Qe4 34. Qxe4 Rxe4 35. Rxh6 g4 36. Rh5 Rb4 37. Kg2 f6 38. Bd2 Rxb2 39. Bc3 Rb3
40. Bxf6 Kf7 41. Rf5 Rf3 42. Rb5 Rxf6 43. Rxb7+ Ke6 44. Rg7 Ne5 45. Ra7 Nc6 46.
Rg7 Kf5 47. Rg8 Rd6 48. Rf8+ Ke5 49. Re8+ Kd5 50. Rg8 Ne5 51. Ra8 Nc4 52. Rg8
a4 53. Rg5+ Ne5 54. h3 a3 55. Rg8 Ra6 56. Rd8+ Ke4 57. Rd1 gxh3+ 58. Kxh3 a2
59. Ra1 Kf3 60. Kh4 Nf7 0-1

[Event "100 Jahre Schvgg Blankenese - Open 2023"]
[Site "Lise-Meitner-Gymnasium (HH)"]
[Date "2023.10.01"]
[Round "4.8"]
[White "Braeutigam, Alexander"]
[Black "Hebbinghaus, Holger"]
[Result "1/2-1/2"]
[WhiteElo "2006"]
[BlackElo "2179"]
[PlyCount "35"]
[EventDate "2023.09.30"]
[EventType "swiss"]
[EventRounds "7"]
[WhiteTeam "SK Doppelbauer Kiel von 1910 e.V"]
[BlackTeam "SK Doppelbauer Kiel von 1910 e.V"]

1. d4 d5 2. c4 e6 3. Nc3 Nf6 4. cxd5 exd5 5. Bg5 Be7 6. e3 h6 7. Bh4 O-O 8. Bd3
Re8 9. Qc2 c6 10. Nf3 Ne4 11. Bxe7 Qxe7 12. O-O Bf5 13. Ne5 Nd7 14. f3 Nxc3 15.
Bxf5 Nxe5 16. dxe5 Nb5 17. a4 Nc7 18. f4 1/2-1/2

[Event "100 Jahre Schvgg Blankenese - Open 2023"]
[Site "Lise-Meitner-Gymnasium (HH)"]
[Date "2023.10.01"]
[Round "4.9"]
[White "Eichstädt, Enrico"]
[Black "Brendel, Oliver"]
[Result "0-1"]
[WhiteElo "1908"]
[BlackElo "2280"]
[PlyCount "76"]
[EventDate "2023.09.30"]
[EventType "swiss"]
[EventRounds "7"]
[WhiteTeam "SK Norderstedt von 1975"]
[BlackTeam "Krefelder Schachklub Turm 1851 e"]

1. e4 c5 2. c3 g6 3. d4 cxd4 4. cxd4 d5 5. exd5 Nf6 6. Nc3 Nxd5 7. Bc4 Nb6 8.
Bb3 Bg7 9. Nge2 O-O 10. d5 N8d7 11. Be3 Ne5 12. Bd4 Bf5 13. O-O Rc8 14. Ng3 Bg4
15. f3 Bd7 16. Re1 Nbc4 17. Bxc4 Nxc4 18. Bxg7 Kxg7 19. Qd4+ Kg8 20. Nce4 Qb6
21. Qxb6 Nxb6 22. d6 exd6 23. Nxd6 Rc2 24. Re2 Rxe2 25. Nxe2 Bc6 26. Nd4 Rd8
27. Nxc6 bxc6 28. Ne4 f5 29. Nc3 Rd2 30. Rb1 Kf7 31. Nd1 Ke6 32. Rc1 Kd6 33.
Kf1 Nd5 34. a3 g5 35. b4 Ra2 36. Rb1 Rxa3 37. b5 cxb5 38. Rxb5 Ra1 0-1

[Event "100 Jahre Schvgg Blankenese - Open 2023"]
[Site "Lise-Meitner-Gymnasium (HH)"]
[Date "2023.10.01"]
[Round "4.10"]
[White "Helmer, Jan"]
[Black "Thomas, Jeremy"]
[Result "1-0"]
[WhiteElo "2152"]
[BlackElo "1903"]
[PlyCount "61"]
[EventDate "2023.09.30"]
[EventType "swiss"]
[EventRounds "7"]
[WhiteTeam "Hamelner SV"]
[BlackTeam "Blau-Weiss Buchholz"]

1. Nf3 Nf6 2. c4 g6 3. Nc3 Bg7 4. e4 d6 5. d4 O-O 6. Be2 Nc6 7. O-O e5 8. d5
Ne7 9. b4 Nd7 10. Ba3 b6 11. Nd2 a5 12. bxa5 Rxa5 13. Bb4 Ra8 14. a4 f5 15. a5
f4 16. axb6 Rxa1 17. Qxa1 Nxb6 18. c5 dxc5 19. Bxc5 g5 20. Qa7 g4 21. d6 Ng6
22. Qa2+ Kh8 23. dxc7 Qxc7 24. Bxf8 Bxf8 25. Nd5 Qf7 26. Qb3 Nxd5 27. Bc4 f3
28. g3 Qg7 29. exd5 Qh6 30. Rd1 Bd6 31. Ne4 1-0

[Event "100 Jahre Schvgg Blankenese - Open 2023"]
[Site "Lise-Meitner-Gymnasium (HH)"]
[Date "2023.10.01"]
[Round "4.11"]
[White "Harms, Friedjof"]
[Black "Helms, Finn"]
[Result "0-1"]
[WhiteElo "1889"]
[BlackElo "2065"]
[PlyCount "40"]
[EventDate "2023.09.30"]
[EventType "swiss"]
[EventRounds "7"]
[WhiteTeam "SV Bad Bevensen"]
[BlackTeam "SAbt SV Werder Bremen"]

1. e4 c6 2. d4 d5 3. exd5 cxd5 4. Bd3 Nc6 5. c3 Qc7 6. Ne2 Bg4 7. f3 Bd7 8. Bf4
e5 9. dxe5 Nxe5 10. O-O Bd6 11. Nd4 Nf6 12. Bf5 O-O 13. Bxd7 Qxd7 14. Qc2 Nc4
15. Bxd6 Qxd6 16. Re1 Qf4 17. b3 Rfe8 18. Ne6 Ne3 19. Qf2 Rxe6 20. g3 Qh6 0-1

[Event "100 Jahre Schvgg Blankenese - Open 2023"]
[Site "Lise-Meitner-Gymnasium (HH)"]
[Date "2023.10.01"]
[Round "4.12"]
[White "Rolf, Marco"]
[Black "Reuter, Maximilian"]
[Result "1-0"]
[WhiteElo "2045"]
[BlackElo "1901"]
[PlyCount "21"]
[EventDate "2023.09.30"]
[EventType "swiss"]
[EventRounds "7"]
[WhiteTeam "SK 1980 Gernsheim"]
[BlackTeam "SchVgg Blankenese von 1923 e.V."]

1. d4 f5 2. Nc3 Nf6 3. Bg5 Nc6 4. Bxf6 exf6 5. e3 Be7 6. Qf3 d6 7. Bc4 Bd7 8.
Nge2 Na5 9. Bd3 Qc8 10. Nf4 O-O 11. Qd5+ 1-0

[Event "100 Jahre Schvgg Blankenese - Open 2023"]
[Site "Lise-Meitner-Gymnasium (HH)"]
[Date "2023.10.01"]
[Round "4.13"]
[White "Porth, Hartmut"]
[Black "Genov, Valentin"]
[Result "1/2-1/2"]
[WhiteElo "2028"]
[BlackElo "1830"]
[PlyCount "94"]
[EventDate "2023.09.30"]
[EventType "swiss"]
[EventRounds "7"]
[WhiteTeam "SV Bargteheide"]
[BlackTeam "SK Kirchweyhe 1947"]

1. d4 Nf6 2. Bf4 e6 3. e3 c5 4. c3 b6 5. Nd2 Bb7 6. Ngf3 Be7 7. Bd3 d6 8. O-O
Nh5 9. Bg3 Nxg3 10. hxg3 Nd7 11. a4 h5 12. Be4 Bxe4 13. Nxe4 d5 14. Ned2 Qc7
15. e4 Nf6 16. exd5 Nxd5 17. Ne4 h4 18. c4 Nf6 19. Nxf6+ Bxf6 20. gxh4 Bxh4 21.
Qe2 cxd4 22. Qe4 Qd8 23. a5 Rc8 24. axb6 axb6 25. b3 Bf6 26. g3 O-O 27. Kg2 g6
28. Rad1 Qd6 29. Rh1 e5 30. Rhe1 Rfe8 31. g4 Qe7 32. Rh1 Kg7 33. Rh3 Rh8 34. g5
Bxg5 35. Qxe5+ Qxe5 36. Nxe5 Rxh3 37. Kxh3 Rh8+ 38. Kg2 Rd8 39. Nc6 Rd6 40.
Nxd4 Kg8 41. Kf3 f5 42. Ke2 Bf6 43. Nb5 Rxd1 44. Kxd1 Be5 45. Ke2 Kf7 46. Ke3
g5 47. b4 g4 1/2-1/2

[Event "100 Jahre Schvgg Blankenese - Open 2023"]
[Site "Lise-Meitner-Gymnasium (HH)"]
[Date "2023.10.01"]
[Round "4.14"]
[White "Urban, Ralf-Dieter"]
[Black "Lehmkuhl, Stefan"]
[Result "1/2-1/2"]
[WhiteElo "1998"]
[BlackElo "1811"]
[PlyCount "26"]
[EventDate "2023.09.30"]
[EventType "swiss"]
[EventRounds "7"]
[WhiteTeam "SK Union Eimsbuettel eV"]
[BlackTeam "Eintracht Munster 2020"]

1. e4 Nf6 2. e5 Nd5 3. c4 Nb6 4. c5 Nd5 5. Bc4 c6 6. Nc3 d6 7. Nxd5 cxd5 8.
Bxd5 e6 9. cxd6 exd5 10. Qb3 Qa5 11. Ne2 Nc6 12. O-O Qb4 13. Qg3 Qg4 1/2-1/2

[Event "100 Jahre Schvgg Blankenese - Open 2023"]
[Site "Lise-Meitner-Gymnasium (HH)"]
[Date "2023.10.01"]
[Round "4.15"]
[White "Oest, Thorsten"]
[Black "Winkelmann, Martin"]
[Result "1-0"]
[WhiteElo "1984"]
[BlackElo "1769"]
[PlyCount "47"]
[EventDate "2023.09.30"]
[EventType "swiss"]
[EventRounds "7"]
[WhiteTeam "SAbt MTV Salzhausen"]
[BlackTeam "SF Buxtehude"]

1. e4 e5 2. Nf3 Nc6 3. Bc4 Nf6 4. d3 Bc5 5. c3 d6 6. O-O a6 7. Bb3 h6 8. d4
exd4 9. cxd4 Ba7 10. h3 O-O 11. Nc3 b5 12. a3 Bb7 13. Bc2 Re8 14. Re1 b4 15.
axb4 Nxb4 16. Bb1 d5 17. e5 Nh7 18. Be3 Rb8 19. Qd2 Nf8 20. Ne2 Qe7 21. Ng3 Bc8
22. Bxh6 gxh6 23. Nh5 Nd7 24. Qxh6 1-0

[Event "100 Jahre Schvgg Blankenese - Open 2023"]
[Site "Lise-Meitner-Gymnasium (HH)"]
[Date "2023.10.01"]
[Round "4.16"]
[White "Paulsen, Tino"]
[Black "Spät, Alexander"]
[Result "0-1"]
[WhiteElo "1786"]
[BlackElo "1978"]
[PlyCount "42"]
[EventDate "2023.09.30"]
[EventType "swiss"]
[EventRounds "7"]
[WhiteTeam "SC Turm Lüneburg e.V."]
[BlackTeam "SC Sternschanze von 1911 e.V."]

1. e4 e6 2. d4 d5 3. e5 c5 4. c3 Nc6 5. Nf3 Bd7 6. Be2 Nh6 7. O-O cxd4 8. cxd4
Nf5 9. Nc3 Be7 10. Be3 Nxe3 11. fxe3 Qb6 12. Na4 Qa5 13. Nc3 O-O 14. a3 f6 15.
exf6 Bxf6 16. Rc1 a6 17. Qb3 b5 18. Nxd5 Bd8 19. Nf4 Qb6 20. Nxe6 Na5 21. Nfg5
Bxg5 0-1

[Event "100 Jahre Schvgg Blankenese - Open 2023"]
[Site "Lise-Meitner-Gymnasium (HH)"]
[Date "2023.10.01"]
[Round "4.17"]
[White "Goldmann, David"]
[Black "Loayza, Ignacio"]
[Result "1-0"]
[WhiteElo "1970"]
[BlackElo "1732"]
[PlyCount "41"]
[EventDate "2023.09.30"]
[EventType "swiss"]
[EventRounds "7"]
[WhiteTeam "Hamburger SK von 1830 eV"]
[BlackTeam "USG Chemnitz"]

1. e4 e5 2. Nf3 Nf6 3. Nxe5 d6 4. Nf3 Nxe4 5. Nc3 Nxc3 6. dxc3 Be7 7. Be3 Nc6
8. Qd2 Bg4 9. Nd4 Nxd4 10. Qxd4 Bf5 11. O-O-O O-O 12. h4 Bd7 13. Bd3 Bc6 14. h5
Bf6 15. Qg4 Bd7 16. Qe4 g6 17. hxg6 fxg6 18. Qd5+ Kh8 19. Rxh7+ Kxh7 20. Qh5+
Kg8 21. Qxg6+ 1-0

[Event "100 Jahre Schvgg Blankenese - Open 2023"]
[Site "Lise-Meitner-Gymnasium (HH)"]
[Date "2023.10.01"]
[Round "4.18"]
[White "Stiller, Maximilian"]
[Black "Bräutigam, Katerina"]
[Result "1-0"]
[WhiteElo "1715"]
[BlackElo "1957"]
[PlyCount "129"]
[EventDate "2023.09.30"]
[EventType "swiss"]
[EventRounds "7"]
[WhiteTeam "Hagener SV"]
[BlackTeam "SK Doppelbauer Kiel von 1910 e.V"]

1. Nf3 Nf6 2. c4 g6 3. Nc3 Bg7 4. e4 d6 5. d4 O-O 6. Be2 Nbd7 7. O-O e5 8. Be3
c6 9. d5 c5 10. h3 Nh5 11. Nd2 Nf4 12. a3 Qg5 13. Bxf4 exf4 14. Nf3 Qe7 15. Qc2
Ne5 16. Rfe1 Nxf3+ 17. Bxf3 Qg5 18. Kh2 Be5 19. Rab1 Qh4 20. Qe2 h5 21. Kg1 Kg7
22. Nb5 Rh8 23. Nxd6 Bxd6 24. e5 Re8 25. Qd2 Rxe5 26. Rxe5 Bxe5 27. b4 Bf5 28.
Re1 Qf6 29. Rd1 Bc3 30. Qxf4 cxb4 31. axb4 Bxb4 32. Qc7 Qb6 33. Qe5+ Qf6 34.
Qc7 Qb6 35. Qe5+ Kh7 36. g4 hxg4 37. hxg4 Bd6 38. Qc3 Bb4 39. Qe5 Bd7 40. Kg2
f6 41. Rh1+ Kg7 42. Qh2 Qd8 43. Qh7+ Kf8 44. Qxg6 Be8 45. Rh8+ Ke7 46. Qe4+ Kd6
47. Qe6+ Kc7 48. Rh7+ Bd7 49. Qe4 Kd6 50. c5+ Kxc5 51. d6 Bc6 52. Qe3+ Kb5 53.
Rh5+ Ka4 54. Bxc6+ bxc6 55. Qd3 c5 56. Rh1 c4 57. Qxc4 Ka5 58. Ra1+ Kb6 59.
Ra6+ Kb7 60. Qb5+ Kc8 61. Qxb4 Kd7 62. Qb5+ Ke6 63. Qf5+ Kf7 64. Qh7+ Kf8 65.
Rxa7 1-0

[Event "100 Jahre Schvgg Blankenese - Open 2023"]
[Site "Lise-Meitner-Gymnasium (HH)"]
[Date "2023.10.01"]
[Round "4.19"]
[White "Steinbrenner, Jürg"]
[Black "He, Saiqi"]
[Result "0-1"]
[WhiteElo "1948"]
[BlackElo "1460"]
[PlyCount "72"]
[EventDate "2023.09.30"]
[EventType "swiss"]
[EventRounds "7"]
[WhiteTeam "FC ST.Pauli 1910 eV SAbt"]
[BlackTeam "SchVgg Blankenese von 1923 e.V."]

1. e4 e5 2. d4 exd4 3. Qxd4 Nc6 4. Qe3 Bb4+ 5. Nc3 d6 6. Bd2 Be6 7. Bd3 Nf6 8.
Nge2 Qe7 9. h3 a6 10. f4 Bc5 11. Qf3 g6 12. g4 h6 13. O-O-O O-O-O 14. Qg2 Nb4
15. Kb1 Nxd3 16. cxd3 Qd7 17. d4 Bc4 18. dxc5 Rhe8 19. Ng3 Bd3+ 20. Ka1 Qc6 21.
Rhe1 dxc5 22. Bc1 b5 23. g5 b4 24. gxf6 bxc3 25. bxc3 Qa4 26. e5 c4 27. f5 Qb5
28. Qb2 Qc6 29. Qf2 Rd5 30. Bxh6 Ra5 31. e6 Qd5 32. exf7 Qxf7 33. Rxe8+ Qxe8
34. fxg6 Bxg6 35. Qf3 Rxa2+ 36. Kxa2 Qa4+ 0-1

[Event "100 Jahre Schvgg Blankenese - Open 2023"]
[Site "Lise-Meitner-Gymnasium (HH)"]
[Date "2023.10.01"]
[Round "4.20"]
[White "Kahlert, Thomas"]
[Black "Voigt, Dominik"]
[Result "1-0"]
[WhiteElo "2111"]
[BlackElo "1707"]
[PlyCount "33"]
[EventDate "2023.09.30"]
[EventType "swiss"]
[EventRounds "7"]
[WhiteTeam "FC ST.Pauli 1910 eV SAbt"]
[BlackTeam "HSK Lister Turm"]

1. c4 e6 2. Nf3 d5 3. d4 Nf6 4. Nc3 a6 5. Bg5 dxc4 6. a4 Nc6 7. e3 Na5 8. Ne5
Be7 9. Nxc4 Nxc4 10. Bxc4 O-O 11. O-O h6 12. Bh4 c5 13. Qe2 cxd4 14. Rfd1 b6
15. exd4 Bb7 16. d5 Nxd5 17. Bxd5 1-0

[Event "100 Jahre Schvgg Blankenese - Open 2023"]
[Site "Lise-Meitner-Gymnasium (HH)"]
[Date "2023.10.01"]
[Round "4.21"]
[White "Schulze, Tim"]
[Black "Annegarn, Alexander"]
[Result "1-0"]
[WhiteElo "1718"]
[BlackElo "2004"]
[PlyCount "87"]
[EventDate "2023.09.30"]
[EventType "swiss"]
[EventRounds "7"]
[WhiteTeam "SC Turm Lüneburg e.V."]
[BlackTeam "Schachgemeinschaft Turm Rietberg"]

1. Nf3 b5 2. d4 Bb7 3. Nbd2 c5 4. dxc5 Qa5 5. e3 e6 6. Be2 Bxc5 7. O-O Qb6 8.
b3 Ne7 9. Bb2 Nf5 10. c4 a6 11. e4 Nd4 12. Nxd4 Bxd4 13. Bxd4 Qxd4 14. cxb5 O-O
15. Re1 f5 16. bxa6 Nxa6 17. Nc4 Qxd1 18. Rexd1 Bxe4 19. Rxd7 Nc5 20. Rdd1 Ra7
21. Nd6 Bd5 22. Bc4 Bxc4 23. Nxc4 Rfa8 24. b4 Ne4 25. Na5 Nc3 26. Re1 Ra6 27.
a3 Nd5 28. h4 Kf7 29. Rac1 Kf6 30. Rc4 h6 31. Rec1 g5 32. hxg5+ hxg5 33. Rc6
Rxa5 34. bxa5 Nf4 35. R1c5 Rd8 36. Rc2 Rd3 37. g3 Nd5 38. Re2 Rxa3 39. Rexe6+
Kf7 40. a6 Nb4 41. Rb6 f4 42. Rh6 Nd5 43. Rb7+ Kg8 44. Rd6 1-0

[Event "100 Jahre Schvgg Blankenese - Open 2023"]
[Site "Lise-Meitner-Gymnasium (HH)"]
[Date "2023.10.01"]
[Round "4.22"]
[White "Wennmann, Thorsten"]
[Black "Kalkowski, Andreas"]
[Result "1-0"]
[WhiteElo "1937"]
[BlackElo "1458"]
[PlyCount "63"]
[EventDate "2023.09.30"]
[EventType "swiss"]
[EventRounds "7"]
[WhiteTeam "SchVgg Blankenese von 1923 e.V."]
[BlackTeam "Königsspr. SC.1984 e.V."]

1. d4 e6 2. Nf3 d5 3. c4 c6 4. e3 Nf6 5. Nc3 Nbd7 6. Qc2 Be7 7. Bd3 h6 8. b3 a6
9. Bb2 b5 10. O-O Bb7 11. c5 O-O 12. b4 Qc7 13. h3 Rfe8 14. Ne2 Nf8 15. Ne5
N6d7 16. f4 f5 17. g4 Nxe5 18. dxe5 g6 19. Nd4 Bc8 20. Qg2 Kh8 21. Kh1 Nh7 22.
gxf5 gxf5 23. Rg1 Bh4 24. Nf3 Bd8 25. Qg6 Qe7 26. Qxh6 Ra7 27. Bxf5 Qf8 28.
Qxf8+ Rxf8 29. Bg4 Raf7 30. Nd4 Bd7 31. Nxe6 Re8 32. Nxd8 1-0

[Event "100 Jahre Schvgg Blankenese - Open 2023"]
[Site "Lise-Meitner-Gymnasium (HH)"]
[Date "2023.10.01"]
[Round "4.23"]
[White "Körber, Uwe"]
[Black "Piepenhagen, Eric"]
[Result "0-1"]
[WhiteElo "1697"]
[BlackElo "1913"]
[PlyCount "82"]
[EventDate "2023.09.30"]
[EventType "swiss"]
[EventRounds "7"]
[WhiteTeam "Findorffer Sfr"]
[BlackTeam "Niendorfer TSV 1919 SAbt"]

1. e4 c5 2. c3 Nf6 3. e5 Nd5 4. Nf3 Nc6 5. d4 cxd4 6. cxd4 d6 7. exd6 Qxd6 8.
Nc3 a6 9. Bc4 e6 10. Qb3 Nf6 11. Be3 Be7 12. O-O O-O 13. Bd3 Nb4 14. Ne5 Nxd3
15. Nxd3 b5 16. f3 Bb7 17. Qd1 b4 18. Na4 Nd5 19. Bf2 Bc6 20. Nac5 Bf6 21. Ne4
Qd8 22. Re1 Bh4 23. Rc1 Bxf2+ 24. Ndxf2 Bb5 25. Qd2 h6 26. Rc5 Qb8 27. Nd3 a5
28. Rec1 Rd8 29. Ne5 Ra7 30. Nc6 Bxc6 31. Rxc6 Ne7 32. R6c4 Rad7 33. Nc5 Rd6
34. Qf4 Qb6 35. Rd1 Ng6 36. Qe4 Rd5 37. g4 e5 38. Nb3 a4 39. Nc5 Rxd4 40. Rdxd4
Rxd4 41. Rxd4 Qxc5 0-1

[Event "100 Jahre Schvgg Blankenese - Open 2023"]
[Site "Lise-Meitner-Gymnasium (HH)"]
[Date "2023.10.01"]
[Round "4.24"]
[White "Strohschän, Michel"]
[Black "Pienski, Olaf"]
[Result "1-0"]
[WhiteElo "1694"]
[BlackElo "1906"]
[PlyCount "69"]
[EventDate "2023.09.30"]
[EventType "swiss"]
[EventRounds "7"]
[WhiteTeam "HSK Lister Turm"]
[BlackTeam "SF Leherheide von 1950"]

1. d4 d6 2. e4 Nf6 3. Bd3 e5 4. c3 Nc6 5. Nf3 g6 6. Nbd2 Bg7 7. O-O O-O 8. Re1
Re8 9. Nb3 b6 10. Bb5 Bd7 11. Qc2 exd4 12. cxd4 Nb4 13. Qc4 Bxb5 14. Qxb4 Bd7
15. e5 dxe5 16. dxe5 c5 17. Qh4 Nd5 18. Bg5 Qc7 19. Rad1 Be6 20. Nbd2 Ne7 21.
Ne4 Nf5 22. Qf4 Kh8 23. g4 Nd4 24. Nd6 Nxf3+ 25. Qxf3 Rf8 26. Bf6 Bxf6 27.
Qxf6+ Kg8 28. Qf4 Qe7 29. Ne4 Qh4 30. Nf6+ Kg7 31. Rd3 Rad8 32. Rg3 Rd4 33. Re4
Rd1+ 34. Kg2 g5 35. Qf3 1-0